Komora geodetov a kartografov na Slovensku

Guardado en:
Detalles Bibliográficos
Otros Autores: Lukáč, Štefan, 1951- (Compilador), Stromček, Vladimír (Compilador), Hardoš, Ján (Compilador)
Formato: Libro
Lenguaje:eslovaco
Publicado: Bratislava : Komora geodetov a kartografov, 2006
Etiquetas: Agregar Etiqueta
Sin Etiquetas, Sea el primero en etiquetar este registro!

MARC

LEADER 00000nam a22000003a 4500
001 stu123545
005 20221208202236.2
008 060718s2006----xo------------------slo-d
020 |a 80-969448-6-X 
040 |a STU  |b slo 
041 0 |a slo 
044 |a xo 
100 1 |a Lukáč, Štefan,  |d 1951-  |4 com  |u V140  |9 90  |U SvF Stavebná fakulta  |T SvF Katedra geodézie  |X 810  |U V140  |Y 14  |7 A000000810 
245 1 |a Komora geodetov a kartografov na Slovensku 
246 2 1 |a Chamber of surveyors and cartographers in Slovakia 
260 |a Bratislava :  |b Komora geodetov a kartografov,  |c 2006 
300 |a 104 s 
700 1 |a Stromček, Vladimír  |4 com  |9 7 
700 1 |a Hardoš, Ján  |4 com  |9 3 
996 |b 284V033958  |c V*9211/K-2303  |l VVT  |s A  |a 24  |w stu123545_0001